000 00759cam a2200193 i 4500
005 20260429122423.0
008 250721s2003 jo gr 000 0 ara d
082 1 4 _a510.7
_bع ن و
100 1 _aعنوز، يوسف محمد
_eمؤلف.
245 1 0 _aمكتبة الطالب العلمية في الرياضيات الحديثة - اللتكامل و القطوع المخروطيةوالاحتمالات /
_cيوسف محمد عنوز .
250 _aالطبعة الأولى .
264 3 1 _aعمان :
_bدار الإسراء للنشر،
_c2003.
300 _a287 صفحة.
650 1 7 _aالتدريس.
650 1 7 _aالرياضيات.
650 1 7 _aالتفاضل و التكامل.
942 _2ddc
_cBK
999 _c88759
_d88759